00390nam a2200133Ia 4500008004000000082001500040100002400055245005900079250000500138260005100143300001200194650002900206700002100235210210b1989 xxu||||| |||| 00| 0 eng d a651.7 LESB aLESIKAR (Raymond V) aBusiness Communication : theory and application. Ed 6. a aDelhi.bAll India Traveller Book Seller,c1989 axiv,754 aBusiness Communication  aPETTIT (John D).